000 00703cam a2200241 4500
001 M97577
008 090401t1998 xxu||||| |||| 00| 0 eng d
035 _a(Sirsi) u92252
041 _aeng
050 _a333.0062
110 _aRoyal Institution of Chartered Surveyors
_94900
245 _aRICS Gateway : RICS resources and other services for chartered surveyors.
260 _aLondon
_bWaterlow Specialist Information Publishing
_c1998
300 _a66p. ; 21cm.
350 _a0
650 _aABOUT RICS-RICS MEMBERS
650 _aDIRECTORIES
650 _aGATEWAY
650 _aRICS
690 _aMANAGEMENT-BUSINESS MANAGEMENT-PROFESSIONAL PRACTICE
942 _n0
948 _c23/03/1999
999 _c97733
_d97733